Statistics for Jamie Foxx Filmography

Click here to take the quiz!

General Stats

  • This quiz has been taken 37 times
    (7 since last reset)
  • The average score is 15 of 56

Answer Stats

Type Year Name % Correct
Film2012Django Unchained
83%
Film2004Ray
83%
TV Show2000, 2012Saturday Night Live
50%
Film2006Miami Vice
50%
Film2004Collateral
50%
Film2017Baby Driver
50%
Film2014The Amazing Spider-Man 2
50%
TV Show1991-1994In Living Color
33%
Film2011Horrible Bosses
33%
Film2006Dreamgirls
33%
Film2005Jarhead
33%
Film2013White House Down
33%
Film2014Rio 2
33%
Film2014Annie
33%
Film2011Rio
33%
TV Show1996-2001The Jamie Foxx Show
33%
Film1999Any Given Sunday
33%
Film2019Just Mercy
33%
Documentary2019QT8: The First Eight
33%
Film2020Soul
33%
Film2010I'm Still Here
17%
Film2017Sleepless
17%
Film2014Horrible Bosses 2
17%
TV Show2017White Famous
17%
TV Show2017-PresentBeat Shazam
17%
TV Special2013David Blaine: Real or Magic
17%
Film2018Robin Hood
17%
TV Special2019Live in Front of a Studio Audience
17%
TV Show2011When I Was 17
17%
FilmTBAAll-Star Weekend
17%
TV Documentary2016Jackie Robinson
17%
Film2007Elmo's Christmas
17%
Film2010Due Date
17%
Film2000Bait
17%
TV Show1992-1993Roc
17%
Film1996The Truth About Cats & Dogs
17%
Film1996The Great White Hype
17%
TV Show1996Hangin' with Mr. Cooper
17%
TV Show1996Moesha
17%
TV Show1996-19973rd Rock from the Sun
17%
Film1997Booty Call
17%
Film1998The Players Club
17%
Film1999Held Up
17%
Film2001Ali
17%
Film2010Valentine's Day
17%
Award Show20012001 MTV Video Music Awards
17%
Film2003Shade
17%
Film2004Breakin' All the Rules
17%
TV Show2004Chapelle's Show
17%
TV Film2004Redemption: The Stan Tookie Williams Story
17%
Film2005Stealth
17%
Film2007The Kingdom
17%
Film1992Toys
17%
Film2009The Soloist
17%
Film2009Law Abiding Citizen
17%
FilmTBAUntitled Schulman/Joost Project
17%

Score Distribution

Percentile by Number Answered

Percent of People with Each Score

Your Score History

You have not taken this quiz since the last reset